[Event "north american 1900-2100"]
[Site "?"]
[Date "2012.12.27"]
[Round "3"]
[White "Gregg, Alan"]
[Black "Pranav, Rudra"]
[Result "1/2-1/2"]
[WhiteElo "2027"]
[BlackElo "1919"]
[Annotator "Alan Gregg"]
[PlyCount "71"]
[EventDate "2012.12.27"]
[EventType "swiss"]
[EventRounds "7"]

1. Nf3 c5 2. e3 Nf6 3. d4 d5 4. Be2 e6 5. O-O Nc6 6. b3 Bd6 7. Bb2 O-O 8. Nbd2 b6 9. c4 Bb7 {I decided on a quite openning trying to get out of any book preperations this was my 3 rd junior on the trot they have all arrived with there coaches} 10. Ne5 Ne4 11. f3 {Diagram  this is a mistake I am worse after this} (11. f4) (11. Nxc6 Bxc6 12. Nxe4 dxe4 13. dxc5 Bxc5 14. Qxd8 Rfxd8 15. Rfd1 $11) 11... Bxe5 12. dxe5 Nxd2 13. Qxd2 Qc7 14. f4 Rad8 15. Qe1 d4 16. exd4 Nxd4 17. Bxd4 Rxd4 18. Rd1 Rfd8 19. Rxd4 Rxd4 20. Qc1 Qd8 21. Rd1 Be4 22. g3 Kf8 23. Kf1 {if i can swop off queens and rooks i believe i am ok} Ke7 24. Rxd4 Qxd4 25. Qd1 Kd7 26. Ke1 Kc6 27. Qxd4 cxd4 28. Kd2 f5 29. exf6 gxf6 30. Bd3 Bxd3 {this should have been the losing move i have a forced win after this but had not switched between saving game and winning plus I was now tired but no excuse.} 31. Kxd3 {Diagram } e5 32. b4 (32. fxe5 fxe5 33. b4 Kd6 34. Ke4 a5 35. a3 h5 36. h3 axb4 37. axb4 {and either the c or g pawn queen and win}) 32... Kd6 {he offered a draw after this move and i accepted without looking at the position i am still winning} 33. fxe5+ fxe5 {Diagram } (33... Kxe5 34. g4 Kf4 (34... f5 35. gxf5 Kxf5 36. Kxd4 Ke6 37. c5 bxc5+ 38. Kxc5 Kd7 39. a4 Kc7 40. h4 Kc8 41. h5 Kc7 42. h6 Kc8 43. b5 Kb7 44. a5 Kb8 45. Kd6) 35. Kxd4) 34. Ke4 a5 35. a3 Ke6 36. g4 1/2-1/2

[Event "north american 1900-2100"]
[Site "?"]
[Date "2012.12.28"]
[Round "4"]
[White "Chang  (11), Aaron"]
[Black "Gregg, Alan"]
[Result "1-0"]
[WhiteElo "1904"]
[BlackElo "2027"]
[Annotator "Alan Gregg"]
[PlyCount "56"]
[EventDate "2012.12.27"]
[EventType "swiss"]
[EventRounds "7"]

1. e4 e5 2. Nf3 Nc6 3. d4 exd4 4. Nxd4 Bc5 5. Be3 Qf6 6. c3 Nge7 7. Bc4 O-O 8. O-O Bb6 9. f4 d6 10. Kh1 Na5 {too ambitious} (10... Bd7) 11. Be2 Bd7 12. Nd2 Nec6 13. N2f3 Nxd4 14. Nxd4 Rae8 15. Bd3 c5 16. Nf3 c4 (16... h6) 17. e5 Qh6 {Diagram } (17... Qd8 18. Bxb6 Qxb6 19. Bc2 Rd8 20. exd6 Qxb2 21. Qd2 Qa3 22. Ne5 Be6 23. f5 Rxd6 24. Qe3 Bd5 25. f6 Re8 26. fxg7 Nc6 27. Qh3 Bxg2+ 28. Kxg2 Rd2+ 29. Kh1 Rxc2 30. Nxf7 Qxc3 31. Nh6+ Kxg7 32. Rg1+) (17... Qd8 18. Bxb6 Qxb6 19. Bc2 Rd8 20. exd6 Be6 21. Qe1 Rxd6 22. Qf2 Rfd8 23. Qxb6 Rxb6 24. b4 cxb3 25. axb3 Nxb3 26. Rxa7 Nc5 27. Ne5 Rb2 28. Rd1 Rxd1+ 29. Bxd1 g6 30. Ra8+ Kg7 31. Ra1 f6 32. Nf3 Ne4 33. Nd4 Bd5 34. Bf3 Nxc3 35. Bxd5 Nxd5 36. g3) 18. Bxb6 axb6 19. Bc2 Qxf4 {Diagram } (19... Bc6 20. b4 cxb3 21. axb3 dxe5 22. Nxe5 Rd8 23. Qe2 Rfe8 24. Rad1 (24. b4 f6 25. bxa5 fxe5 26. Be4 exf4 27. Qa2+ Kh8 28. Bxc6 Qxc6 29. Rxf4 Ra8 30. Qf2 h6 31. Qg3 bxa5 32. Rf7 Rg8 33. c4 Qxc4 34. Rxb7 a4 35. Rc7 Qd4 36. Qc3 Qxc3 37. Rxc3 Ra7 38. Rca3 Rb8 39. Kg1 Rb4) 24... Qe6 25. Rxd8 Rxd8 26. b4 f6 27. bxa5 fxe5 28. axb6 e4 29. Re1 e3 30. Qxe3 (30. Kg1 Rd2) 30... Qxe3 31. Rxe3 Rd2 32. Bb3+ Kf8 33. c4 Rf2 34. h3 Rxf4 35. Kg1 Rd4 36. Re2 h6 37. Ra2 Ke7 38. c5 Kf6 $11) 20. Qxd6 Bc6 21. Rae1 Re6 {blunder lost bad} 22. Bxh7+ Kxh7 23. Qxf8 Rh6 24. Qxf7 Qg3 25. Qf5+ Kg8 {Diagram } (25... Kh8 26. h3) 26. Qe6+ Rxe6 27. hxg3 Bxf3 28. gxf3 Nc6 1-0

[Event "north american 1900-2100"]
[Site "?"]
[Date "2012.12.28"]
[Round "5"]
[White "Gregg, Alan"]
[Black "Patel, Advait"]
[Result "1/2-1/2"]
[WhiteElo "2027"]
[BlackElo "1924"]
[Annotator "Alan Gregg"]
[PlyCount "49"]
[EventDate "2012.12.27"]
[EventType "swiss"]
[EventRounds "7"]

1. b3 Nf6 2. Nf3 g6 3. Bb2 Bg7 4. e3 O-O 5. d4 d5 6. Bd3 b6 7. O-O Bb7 8. c4 Nbd7 9. Nc3 c5 10. Qe2 Rc8 11. Rfd1 Qc7 12. Rac1 Qb8 13. cxd5 Nxd5 14. Nxd5 Bxd5 15. e4 Bb7 16. d5 Ne5 17. Nxe5 Bxe5 18. g3 Rcd8 19. Bc4 Bc8 20. Bxe5 Qxe5 21. f4 Qc7 22. Rd2 e6 23. dxe6 Bxe6 24. Bxe6 fxe6 25. Rcd1 {the position is drawn so i offered a draw I was still tired from a bad nights sleep but my oppenant was even worse then me he was the youngest player i played only 10 in normal circumstances i would have played on} 1/2-1/2

[Event "north american 1900-2100"]
[Site "?"]
[Date "2012.12.29"]
[Round "6"]
[White "Arab, kiana"]
[Black "Gregg, Alan"]
[Result "1-0"]
[WhiteElo "1948"]
[BlackElo "2027"]
[Annotator "Alan Gregg"]
[PlyCount "83"]
[EventDate "2012.12.29"]
[EventType "swiss"]
[EventRounds "7"]

1. d4 Nf6 2. c4 e6 3. Nc3 d5 4. cxd5 exd5 5. Bg5 Be7 6. e3 O-O 7. Bd3 c6 8. Qc2 Nbd7 9. Nge2 Re8 10. O-O-O Nf8 11. f3 {still in book} Nh5 12. Bxe7 Qxe7 13. e4 Qg5+ (13... dxe4 14. fxe4 Qg5+ 15. Kb1 Qxg2 16. Rhg1 Qh3 17. e5 Ng6 18. Ne4 Be6) 14. Kb1 dxe4 15. Nxe4 Qe7 16. h4 Nf6 17. N2c3 Nd5 18. Rhe1 Nxc3+ 19. bxc3 Be6 20. Ng5 h6 21. Nxe6 Nxe6 22. Bc4 Qxh4 23. Qf5 Qg5 24. Bxe6 Rxe6 25. Qxg5 hxg5 26. Re5 Rxe5 27. dxe5 Re8 28. Rd7 Rxe5 29. Rxb7 Rb5+ 30. Rxb5 cxb5 31. Kb2 Kf8 32. Kb3 Ke7 33. Kb4 a6 34. Ka5 Kd6 35. Kxa6 Kc6 36. g3 f5 37. g4 g6 38. Ka5 Kc5 39. a3 fxg4 {Diagram } (39... f4) 40. fxg4 Kc4 41. Kb6 Kxc3 42. Kxb5 {this was my 6th junior after my 24th move there should have been no way to lose my concentration was lacking losing this game was the last straw} 1-0

[Event "north american 1900-2100"]
[Site "?"]
[Date "2012.12.29"]
[Round "7"]
[White "Gregg, Alan"]
[Black "Ellis, James"]
[Result "1-0"]
[WhiteElo "2027"]
[BlackElo "1935"]
[Annotator "Alan Gregg"]
[PlyCount "65"]
[EventDate "2012.12.27"]
[EventType "swiss"]
[EventRounds "7"]

{This was my last game and at last i play someone over 18 in fact James ellis was older then me I believe he is a life master} 1. e4 c5 2. Nf3 d6 3. d4 cxd4 4. Nxd4 Nf6 5. Nc3 Nc6 6. g3 e6 7. Bg2 Be7 8. Nxc6 bxc6 9. e5 Nd5 10. exd6 Bxd6 11. Ne4 Be7 12. O-O O-O 13. Bd2 Rb8 14. c4 Nc7 15. Bc3 f5 16. Nd2 Bb7 17. Nf3 c5 18. Ne5 Bxg2 19. Kxg2 Rb6 20. Qxd8 Rxd8 21. Ba5 Rb7 22. Rad1 {Diagram } (22. Nc6 Re8 23. Rad1 Na6 24. Rfe1) 22... Rxd1 23. Rxd1 Bf6 24. Bc3 Ne8 25. f4 g5 26. b3 Rg7 27. fxg5 Rxg5 28. Nf3 Rg7 29. Bxf6 Nxf6 30. Rd8+ {Diagram } (30. Rd6 Re7 31. Ng5 Ne4 32. Rxe6 Rxe6 33. Nxe6 Kf7 34. Nd8+ Ke7 35. Nc6+ Kd7 36. Nxa7 Nc3 37. Nb5 (37. a4 Ne4 38. Kf3 Nd2+ 39. Kf4 Nxb3 40. Ke5 Nd2 41. Kd5 Nf3 42. Kxc5 Nxh2 43. Kb6 Nf1 (43... Nf3 44. c5) 44. c5 Nxg3 45. c6+)) 30... Kf7 {Diagram } 31. Ne5+ Ke7 32. Nc6+ Kf7 33. Ra8 1-0

[Event "Universal Late Winter Swiss - Warren, M"]
[Site "?"]
[Date "2012.03.03"]
[Round "2"]
[White "Boudin, Mohammed"]
[Black "Bedy, Noel"]
[Result "0-1"]
[WhiteElo "1228"]
[BlackElo "1412"]
[PlyCount "24"]
[EventDate "2012.03.04"]
[EventType "swiss"]
[EventRounds "5"]

1. e4 d5 2. exd5 Nf6 3. c4 e6 4. dxe6 Bxe6 5. Nf3 Qe7 6. Qe2 Nc6 7. a3 O-O-O 8. Ng5 Nd4 9. Qd3 Bf5+ 10. Ne4 Bxe4 11. Qc3 Bf3+ 12. Qe3 Nc2# 0-1

[Event "Universal Late Winter Swiss - Warren, M"]
[Site "?"]
[Date "2012.03.04"]
[Round "3"]
[White "Bedy, Noel"]
[Black "Mitchel, Paul"]
[Result "1-0"]
[WhiteElo "1412"]
[BlackElo "1363"]
[PlyCount "97"]
[EventDate "2012.03.04"]
[EventType "swiss"]
[EventRounds "5"]

1. d4 d5 2. e4 c6 3. exd5 cxd5 4. Bd3 Nf6 5. c3 e6 6. Nf3 Be7 7. O-O Nc6 8. Bf4 Bd7 9. Re1 a6 10. Nbd2 Na7 11. a4 b5 12. Ne5 bxa4 13. Nxd7 Qxd7 14. Qxa4 Nc6 15. Bb5 Rc8 16. Qxa6 O-O 17. Nf3 Nh5 18. Ne5 Qc7 19. Nxc6 Nxf4 20. Nxe7+ Qxe7 21. Bf1 Ng6 22. Qd3 Qg5 23. Kh1 Qe7 24. g3 Qb7 25. Qb5 Qc7 26. Qd3 Qb7 27. Rab1 Ra8 28. Bg2 Ne7 29. b4 Ra3 30. Qc2 Rfa8 31. Rb2 Qc7 32. c4 Ra1 33. Reb1 Rxb1+ 34. Rxb1 Rc8 35. c5 Nf5 36. Qd2 Ra8 37. Qd1 Ne7 38. b5 Rb8 39. b6 Qb7 40. Bf1 Nc6 41. Ra1 Ra8 42. Rxa8+ Qxa8 43. Bb5 Nb8 44. Qa4 Qxa4 45. Bxa4 Kf8 46. c6 Ke7 47. c7 Nd7 48. c8=Q Nxb6 49. Qb7+ 1-0

[Event "Universal Late Winter Swiss - Warren, M"]
[Site "?"]
[Date "2012.03.04"]
[Round "5"]
[White "O'Neil, Brandon"]
[Black "Bedy, Noel"]
[Result "0-1"]
[WhiteElo "1649"]
[BlackElo "1412"]
[PlyCount "86"]
[EventDate "2012.03.04"]
[EventType "swiss"]
[EventRounds "5"]

1. d4 d5 2. c4 e6 3. Nf3 Nf6 4. g3 Be7 5. Bg2 O-O 6. O-O c6 7. Qc2 Qc7 8. Bf4 Bd6 9. Bxd6 Qxd6 10. Nbd2 Nbd7 11. Rfd1 Re8 12. e3 e5 13. cxd5 cxd5 14. dxe5 Nxe5 15. Nd4 Bg4 16. f3 Rac8 17. Qb3 Bd7 18. Kf2 Rc7 19. e4 dxe4 20. Nxe4 Nxe4+ 21. fxe4 Qe7 22. Rac1 Rec8 23. Rc2 Rxc2+ 24. Nxc2 Bg4 25. Rd2 h6 26. Ne3 Be6 27. Qd1 a6 28. a3 Kh7 29. Nf5 Qc5+ 30. Nd4 Bg4 31. Qc2 Qxd4+ 32. Rxd4 Rxc2+ 33. Kf1 Rxb2 34. h3 Be6 35. g4 Rb3 36. a4 Bc4+ 37. Ke1 Rd3 38. Rxd3 Bxd3 39. Kd2 Kg6 40. Kc3 b5 41. axb5 axb5 42. Kd4 f6 43. Kc5 Kg5 0-1

[Event "2014 USCF May/June Round Robin  "]
[Site "Port Huron"]
[Date "2014.05.29"]
[Round "3"]
[White "Wilkinson, Stewart"]
[Black "Morabito, Matthew"]
[Result "1-0"]
[WhiteElo "1855"]
[BlackElo "1801"]
[PlyCount "95"]
[EventDate "2014.05.29"]
[EventType "tourn"]
[EventRounds "5"]

1. e4 c5 2. Nf3 d6 3. Bb5+ Bd7 4. Bxd7+ Qxd7 5. O-O Nc6 6. Re1 e6 7. Nc3 Be7 8. d3 Bf6 9. Be3 Nge7 10. d4 cxd4 11. Nxd4 O-O 12. Qd2 Nxd4 13. Bxd4 Bxd4 14. Qxd4 Nc6 15. Qd2 a6 16. Rad1 Rad8 17. f4 b5 18. a3 Ne7 19. Qe3 Qc6 20. Rd2 Qc5 21. Qxc5 dxc5 22. Red1 Nc6 23. Ne2 Rxd2 24. Rxd2 Rd8 25. Rxd8+ Nxd8 26. Kf2 Nc6 27. Ke3 e5 28. c3 Kf8 29. g3 Ke7 30. Nc1 Na5 31. Nd3 exf4+ 32. Kxf4 Nb7 33. Ke5 a5 34. Kd5 c4 35. Nc5 Nd6 36. e5 Nf5 37. Kc6 b4 38. Kb5 bxa3 39. bxa3 Ne3 40. Kxa5 Ng4 41. Kb6 Nxe5 42. a4 Kd8 43. Kb7 Nd3 44. Kb6 Kc8 45. a5 f5 46. a6 Kb8 47. a7+ Ka8 48. Ne6 1-0

[Event "2014 USCF May/June Round Robin   "]
[Site "Port Huron"]
[Date "2014.05.29"]
[Round "3"]
[White "Jones, G. Avery"]
[Black "Bedy, Noel"]
[Result "0-1"]
[WhiteElo "1641"]
[BlackElo "1509"]
[PlyCount "94"]
[EventDate "2014.05.29"]
[EventType "tourn"]
[EventRounds "5"]

1. d4 d5 2. Nf3 Nf6 3. Nc3 c6 4. g3 Bf5 5. Bg2 e6 6. O-O Nbd7 7. Bg5 Be7 8. Re1 h6 9. Bf4 O-O 10. Nd2 Qb6 11. e4 dxe4 12. Ncxe4 Qxd4 13. c3 Qb6 14. Nc4 Qd8 15. Qe2 Nd5 16. Bd6 Bxe4 17. Bxe7 Qxe7 18. Bxe4 N5f6 19. Bg2 Nb6 20. Rad1 Nxc4 21. Qxc4 Rfd8 22. Qa4 Qc5 23. Qf4 Qb6 24. b3 Rxd1 25. Rxd1 Rd8 26. Rd6 Qc7 27. Rxd8+ Qxd8 28. Bf3 Nd5 29. Qd2 Qa5 30. b4 Qa3 31. Bxd5 cxd5 32. Kg2 Qa6 33. h3 Qc4 34. a4 a5 35. h4 b6 36. Qb2 e5 37. bxa5 Qe4+ 38. Kg1 bxa5 39. Qa3 d4 40. cxd4 exd4 41. Qc1 d3 42. Qd1 Qe2 43. Qc1 Qc2 44. Qe3 d2 45. Qe8+ Kh7 46. Qxf7 d1=Q+ 47. Kg2 Qe4+ 0-1

[Event "2014 USCF May/June Round Robin    "]
[Site "Port Huron"]
[Date "2014.05.29"]
[Round "3"]
[White "Wingrove, William"]
[Black "Rutkofske, Lonnie"]
[Result "0-1"]
[WhiteElo "1685"]
[BlackElo "1800"]
[PlyCount "103"]
[EventDate "2014.05.31"]
[EventType "tourn"]
[EventRounds "5"]

1. e4 Nf6 2. e5 Nd5 3. d4 d6 4. Nf3 Bg4 5. Be2 Nc6 6. h3 Bf5 7. O-O dxe5 8. Nxe5 Nxe5 9. dxe5 c6 10. c3 Qc7 11. Qd4 e6 12. Bg5 b6 13. Bf4 Bc5 14. Qd2 Nxf4 15. Qxf4 O-O 16. Nd2 Rad8 17. Nf3 b5 18. Rad1 Qb6 19. Rxd8 Rxd8 20. b4 Bf8 21. Nd4 Bg6 22. Qf3 Rd5 23. Qg3 Rd8 24. Bf3 c5 25. Ne2 cxb4 26. cxb4 Bxb4 27. Nf4 Bf8 28. Nxg6 hxg6 29. Rb1 a5 30. Be2 b4 31. a3 Qc7 32. axb4 Bxb4 33. Qb3 Qxe5 34. Qc4 g5 35. Bf3 g6 36. Rc1 Qf6 37. Qe4 Qf4 38. Qc6 Kg7 39. Rc4 Qd2 40. Rc1 Qb2 41. Rc2 Qe5 42. g3 Rd3 43. Re2 Qf6 44. Kg2 Rc3 45. Qb7 Rc5 46. Bg4 Re5 47. Rc2 Qd8 48. Bf3 Qd3 49. Rc7 Qf5 50. Bg4 Qf6 51. Qb6 Be1 52. Bf3 0-1

[Event "2014 USCF May/June Round Robin     "]
[Site "Port Huron"]
[Date "2014.06.05"]
[Round "4"]
[White "Jones, G. Avery"]
[Black "Wingrove, William"]
[Result "1/2-1/2"]
[WhiteElo "1641"]
[BlackElo "1685"]
[PlyCount "56"]
[EventDate "2014.06.05"]
[EventType "tourn"]
[EventRounds "5"]

1. d4 Nf6 2. Nf3 g6 3. Nc3 d5 4. Bg5 Bg7 5. e3 O-O 6. Bd3 c5 7. dxc5 Nbd7 8. O-O Nxc5 9. Be2 e6 10. Ne5 h6 11. Bh4 Qc7 12. Bg3 Nfe4 13. Ng4 Nxg3 14. fxg3 h5 15. Nf6+ Bxf6 16. Rxf6 Qe7 17. Qd4 Bd7 18. Qh4 Rae8 19. Raf1 Qd6 20. Qg5 Ne4 21. Nxe4 dxe4 22. Bxh5 Qd5 23. Rxg6+ fxg6 24. Qxg6+ Kh8 25. Qh6+ Kg8 26. Qg6+ Kh8 27. Rd1 Qf5 28. Qh6+ Kg8 1/2-1/2

[Event "2014 USCF May/June Round Robin "]
[Site "Port Huron"]
[Date "2014.06.05"]
[Round "4"]
[White "Bedy, Noel"]
[Black "Wilkinson, Stewart"]
[Result "0-1"]
[WhiteElo "1509"]
[BlackElo "1855"]
[PlyCount "104"]
[EventDate "2014.06.05"]
[EventType "tourn"]
[EventRounds "5"]

1. d4 e6 2. e4 d5 3. Nc3 Bb4 4. exd5 exd5 5. Bd3 Ne7 6. Qh5 Nbc6 7. a3 Bxc3+ 8. bxc3 Qd6 9. Nf3 Qe6+ 10. Be3 Qg4 11. Qxg4 Bxg4 12. Kd2 Bxf3 13. gxf3 O-O-O 14. Rhg1 g6 15. Bg5 Rde8 16. Bb5 a6 17. Ba4 b5 18. Bb3 Na5 19. a4 Nxb3+ 20. cxb3 Kd7 21. axb5 axb5 22. Ra7 Nc6 23. Ra2 Re6 24. Re1 Rhe8 25. Raa1 Rxe1 26. Rxe1 Rxe1 27. Kxe1 Na5 28. b4 Nc4 29. Ke2 Ke6 30. Bc1 Kf5 31. Kf1 g5 32. Kg2 h5 33. h4 f6 34. Kg3 Nb6 35. f4 g4 36. f3 gxf3 37. Kxf3 Nd7 38. Be3 Nf8 39. Bf2 Ng6 40. Bg3 c6 41. Bf2 Nxf4 42. Bg3 Ng6 43. Bf2 Nf8 44. Bg3 Ne6 45. Bh2 Kg6 46. Bg3 Ng7 47. Bf2 Nf5 48. Be1 Nd6 49. Kf4 Ne4 50. Kf3 Kf5 51. Ke2 Kg4 52. Ke3 f5 0-1

[Event "2014 USCF May/June Round Robin  "]
[Site "Port Huron"]
[Date "2014.06.05"]
[Round "4"]
[White "Rutkofske, Lonnie"]
[Black "Morabito, Matthew"]
[Result "1/2-1/2"]
[WhiteElo "1800"]
[BlackElo "1801"]
[PlyCount "83"]
[EventDate "2014.06.05"]
[EventType "tourn"]
[EventRounds "5"]

1. c4 Nf6 2. g3 g6 3. Bg2 Bg7 4. a3 O-O 5. Nc3 d6 6. d3 c6 7. Bd2 Nbd7 8. Nf3 e5 9. O-O Nc5 10. Bg5 Ne6 11. Bxf6 Qxf6 12. b4 e4 13. Nxe4 Qxa1 14. Qxa1 Bxa1 15. Rxa1 Rd8 16. Nc3 Nc7 17. Ne1 Be6 18. Nc2 d5 19. c5 Re8 20. Nd4 Rad8 21. Bf1 Bd7 22. a4 Ne6 23. Nf3 a5 24. Rb1 axb4 25. Rxb4 Nxc5 26. e3 Bc8 27. a5 Re7 28. d4 Ne4 29. Na4 f6 30. Nc5 Nxc5 31. dxc5 Kf7 32. Nd4 Rc7 33. Kg2 Bd7 34. Nb3 Ra8 35. Kf3 Bf5 36. Ke2 Bb1 37. Nc1 Bc2 38. Kd2 Be4 39. Nb3 Bf5 40. Be2 Be6 41. Rd4 h5 42. Kc3 {[Draw Agreed.]} 1/2-1/2

[Event "2014 USCF May/June Round Robin   "]
[Site "Port Huron"]
[Date "2014.06.12"]
[Round "5"]
[White "Rutkofske, Lonnie"]
[Black "Bedy, Noel"]
[Result "1/2-1/2"]
[WhiteElo "1800"]
[BlackElo "1509"]
[PlyCount "69"]
[EventDate "2014.06.12"]
[EventType "tourn"]
[EventRounds "5"]

1. c4 g6 2. g3 c5 3. Bg2 Bg7 4. Nc3 Nc6 5. Rb1 d6 6. d3 Nf6 7. e4 O-O 8. Nge2 e5 9. O-O Nh5 10. Nd5 f5 11. exf5 Bxf5 12. Nec3 Nf6 13. Bg5 Rb8 14. Qd2 Qd7 15. Nxf6+ Bxf6 16. Bd5+ Kh8 17. Bxf6+ Rxf6 18. Ne4 Bxe4 19. Bxe4 Nd4 20. Kg2 b6 21. Rbe1 Rbf8 22. Qh6 Qf7 23. f4 exf4 24. Bd5 Qd7 25. Qg5 f3+ 26. Kh1 Kg7 27. Rf2 Re8 28. Qd2 Re2 29. Rexe2 fxe2 30. Rxe2 Nxe2 31. Qxe2 Qd8 32. b3 Qf8 33. Qb2 Kh6 34. Qd2+ Kg7 35. Qb2 {[Draw Agreed]} 1/2-1/2

[Event "2014 USCF May/June Round Robin     "]
[Site "Port Huron"]
[Date "2014.06.12"]
[Round "5"]
[White "Morabito, Matthew"]
[Black "Wingrove, William"]
[Result "1-0"]
[WhiteElo "1801"]
[BlackElo "1695"]
[PlyCount "91"]
[EventDate "2014.06.12"]
[EventType "tourn"]
[EventRounds "5"]

1. a3 c5 2. g3 Nc6 3. Bg2 g6 4. Nf3 Bg7 5. Nc3 e5 6. d3 Nge7 7. Rb1 a5 8. O-O O-O 9. Nd2 d5 10. e4 d4 11. Nd5 f5 12. c4 Rb8 13. b4 axb4 14. axb4 cxb4 15. Nxb4 Nxb4 16. Rxb4 Nc6 17. Rb5 Bd7 18. Ba3 Rf7 19. Bd6 Na7 20. Rd5 Ra8 21. exf5 gxf5 22. Bxe5 Bxe5 23. Rxe5 Bc6 24. Rfe1 Qf6 25. Qh5 Bxg2 26. Kxg2 Nc6 27. Re6 Qg7 28. Re8+ Rxe8 29. Rxe8+ Rf8 30. f4 Nb4 31. Rxf8+ Qxf8 32. Qe2 Kf7 33. Nf3 Qd6 34. Ne5+ Kf8 35. Qh5 Qe7 36. Qxf5+ Kg7 37. Kf3 Nc2 38. Ke4 Kh8 39. Qc8+ Kg7 40. Qd7 Qxd7 41. Nxd7 Kf7 42. Nc5 b6 43. Nb3 Ne3 44. Nxd4 Nf1 45. Nf3 h6 46. d4 1-0

[Event "2014 PHCC Junior Championships"]
[Site "Port Huron"]
[Date "2014.08.21"]
[Round "1"]
[White "Hartwig, Nathan"]
[Black "Allen, Zachary"]
[Result "1-0"]
[WhiteElo "1688"]
[BlackElo "470"]
[PlyCount "45"]
[EventDate "2014.08.21"]
[EventType "tourn"]
[EventRounds "3"]

1. e4 Nc6 2. d4 b5 3. Bxb5 Rb8 4. Nc3 e6 5. Nf3 Bb4 6. Bxc6 dxc6 7. Bg5 Qd7 8. Ne5 f6 9. Nxd7 Bxd7 10. Bf4 Rb5 11. O-O e5 12. Nxb5 cxb5 13. dxe5 fxe5 14. Bxe5 Ne7 15. Qd4 Nc6 16. Qd5 Bd6 17. Rad1 Nxe5 18. f4 Ng6 19. e5 Rf8 20. exd6 cxd6 21. Qxd6 Bc6 22. Qc7 Bd7 23. Qxd7# 1-0

[Event "2014 PHCC Junior Championships "]
[Site "Port Huron"]
[Date "2014.08.21"]
[Round "1"]
[White "Allen, Nathan"]
[Black "Nowiski, Adam"]
[Result "0-1"]
[WhiteElo "984"]
[BlackElo "915"]
[PlyCount "108"]
[EventDate "2014.08.21"]
[EventType "tourn"]
[EventRounds "3"]

1. e4 e5 2. Nf3 Nc6 3. Nc3 Nf6 4. Bc4 d6 5. Ng5 Be6 6. Bxe6 fxe6 7. Nxe6 Qe7 8. Ng5 h6 9. O-O O-O-O 10. f4 hxg5 11. fxg5 Nd7 12. g6 Qe6 13. d3 Qxg6 14. Qf3 Nd4 15. Qf7 Rh6 16. Bxh6 Qxh6 17. Rac1 Qe3+ 18. Qf2 Qxf2+ 19. Rxf2 g6 20. Nd5 Nb6 21. Nxb6+ axb6 22. c3 Bh6 23. Re1 Nc2 24. Rxc2 b5 25. c4 b4 26. Rf1 c5 27. Rf6 Be3+ 28. Kh1 g5 29. Re2 Bc1 30. Kg1 Kc7 31. Kf1 Kc6 32. Ke1 g4 33. Rg6 g3 34. h4 Rh8 35. a4 bxa3 36. bxa3 Bxa3 37. Kd2 Bb4+ 38. Ke3 Rxh4 39. Rxg3 Ba5 40. Rh3 Rg4 41. Kf3 Rg6 42. g4 Bd8 43. Rh8 Bf6 44. Reh2 Bxh8 45. Rxh8 Rf6+ 46. Kg3 Rf1 47. g5 Rg1+ 48. Kh4 b5 49. Rc8+ Kb7 50. Rf8 bxc4 51. dxc4 Kc6 52. Rf6 Kd7 53. g6 Ke7 54. Rf7+ Ke8 0-1

[Event "2014 PHCC Junior Championships  "]
[Site "Port Huron"]
[Date "2014.08.21"]
[Round "2"]
[White "Hartwig, Nathan"]
[Black "Allen, Nathan"]
[Result "1-0"]
[WhiteElo "1688"]
[BlackElo "984"]
[PlyCount "41"]
[EventDate "2014.08.21"]
[EventType "tourn"]
[EventRounds "3"]

1. e4 e5 2. f4 Nc6 3. Nf3 f5 4. d3 Nf6 5. fxe5 fxe4 6. exf6 exf3 7. f7+ Kxf7 8. Qxf3+ Qf6 9. Qxf6+ Kxf6 10. Be2 Nd4 11. Bd1 b6 12. O-O+ Ke7 13. Bg5+ Kd6 14. Bf4+ Ke7 15. Nc3 Ke8 16. Bh5+ g6 17. Rae1+ Kf7 18. Be5+ Kg8 19. Bxd4 Bg7 20. Re8+ Bf8 21. Rexf8# 1-0

[Event "2014 PHCC Junior Championships   "]
[Site "Port Huron"]
[Date "2014.08.21"]
[Round "2"]
[White "Allen, Zachary"]
[Black "Nowiski, Adam"]
[Result "0-1"]
[WhiteElo "915"]
[BlackElo "470"]
[PlyCount "60"]
[EventDate "2014.08.21"]
[EventType "tourn"]
[EventRounds "3"]

1. e4 e5 2. Nf3 Nc6 3. Nc3 Nf6 4. d4 exd4 5. Nxd4 Nxd4 6. Qxd4 b6 7. Bb5 a6 8. Ba4 Bb7 9. Bg5 b5 10. Bb3 h6 11. Bh4 Be7 12. Rd1 O-O 13. O-O c6 14. Rd3 d5 15. exd5 cxd5 16. Nxd5 Nxd5 17. Bxd5 Bxd5 18. Qxd5 Qxd5 19. Rxd5 Bxh4 20. Rd4 Bf6 21. Re1 Bxd4 22. Rd1 Bxb2 23. f3 Rac8 24. Rd7 Rxc2 25. Ra7 Bd4+ 26. Kf1 Bxa7 27. g3 Rxh2 28. Ke1 Rxa2 29. Kf1 Rc8 30. Ke1 Rc1# 0-1

[Event "2014 PHCC Junior Championships"]
[Site "Port Huron"]
[Date "2014.08.28"]
[Round "3"]
[White "Nowiski, Adam"]
[Black "Hartwig, Nathan"]
[Result "0-1"]
[WhiteElo "915"]
[BlackElo "1688"]
[PlyCount "54"]
[EventDate "2014.08.28"]
[EventType "tourn"]
[EventRounds "3"]

1. e4 c5 2. c3 d5 3. exd5 Qxd5 4. Nf3 Bg4 5. Be2 Nc6 6. h3 Bh5 7. d3 Nf6 8. Be3 e5 9. Na3 Be7 10. Nb5 Qd7 11. d4 exd4 12. cxd4 a6 13. Nc3 Bxf3 14. Bxf3 Nxd4 15. Bxd4 cxd4 16. Ne2 Bb4+ 17. Kf1 d3 18. Nf4 Rd8 19. a3 Bc5 20. Rc1 Qd4 21. Qd2 O-O 22. Bxb7 Rb8 23. b4 Rxb7 24. Rxc5 Ne4 25. Qe3 Qxe3 26. fxe3 Nxc5 27. bxc5 Rb1+ 0-1

[Event "2014 PHCC Championships"]
[Site "St. Clair"]
[Date "2014.01.29"]
[Round "2"]
[White "Bedy, Noel"]
[Black "Boucher, David"]
[Result "0-1"]
[WhiteElo "1621"]
[BlackElo "1463"]
[PlyCount "104"]
[EventDate "2014.01.29"]
[EventType "swiss"]
[EventRounds "7"]

1. d4 e6 2. c3 d5 3. e3 Nf6 4. Nd2 c5 5. Bd3 Bd6 6. Ngf3 Nc6 7. O-O O-O 8. dxc5 Bxc5 9. e4 Qc7 10. exd5 Nxd5 11. Nc4 Nf6 12. Qe2 b5 13. Ncd2 a6 14. Ne4 Be7 15. Nxf6+ Bxf6 16. Qe4 g6 17. Bg5 Bg7 18. Rfe1 Bb7 19. Qh4 Ne5 20. Nxe5 Bxe5 21. Re3 Bg7 22. Rae1 f6 23. Rh3 Bh8 24. Bh6 Rf7 25. Bxg6 hxg6 26. Bf4 Rh7 27. Bxc7 Rxh4 28. Rxh4 Kf7 29. Rd1 Re8 30. Rd7+ Kg8 31. Rhh7 Bc8 32. Rd8 Rxd8 33. Bxd8 Kxh7 34. Kf1 e5 35. Ke2 e4 36. Ke3 f5 37. f3 Bb7 38. fxe4 Bxe4 39. h4 Bg7 40. g4 Be5 41. gxf5 gxf5 42. Ba5 Bg3 43. h5 Kh6 44. b3 Kxh5 45. c4 Bc6 46. cxb5 axb5 47. a4 f4+ 48. Kd3 f3 49. Bb6 bxa4 50. bxa4 Bxa4 51. Bg1 Kg4 52. Ke3 Bc6 0-1

[Event "2014 PHCC Championships"]
[Site "Port Huron"]
[Date "2014.01.30"]
[Round "2"]
[White "Nowiski, Adam"]
[Black "Jones, G. Avery"]
[Result "0-1"]
[WhiteElo "919"]
[BlackElo "1684"]
[Annotator "Doe,John"]
[PlyCount "64"]
[EventDate "2014.01.30"]
[EventType "swiss"]
[EventRounds "7"]

1. e4 c6 2. d4 d5 3. e5 Bf5 4. Nf3 Bg4 5. h3 Bh5 6. Be2 e6 7. c3 Qc7 8. O-O c5 9. Be3 Nc6 10. Na3 a6 11. Qd2 Nge7 12. b4 Nf5 13. Bf4 Bxf3 14. Bxf3 cxb4 15. cxb4 Bxb4 16. Qd3 Nfxd4 17. Nc2 Nxf3+ 18. Qxf3 Bc5 19. Qc3 b6 20. Ne1 {??} Bd4 21. Qc1 Bxa1 22. Qxa1 O-O 23. Qc3 Rfc8 24. Qg3 Nd4 25. Kh1 Ne2 26. Qg4 Nxf4 27. Qxf4 Qc4 28. Qxc4 Rxc4 29. Nd3 Rac8 30. Rb1 b5 31. Rd1 Rd4 32. f4 Rc3 0-1